000 00428cam a2200157ua 4500
041 _aeng
_h
082 _a620.30287
_bTRA/FI
100 _aTarasevich, Y .
245 _aFits, tolerences and engineering measurement /
_cY.Tarasevich.
_hTextual Documents
260 _aMoscow :
_bForeign Language Publishing House ,
_c1961.
300 _a160 ; .
504 _a
700 1 _aYavoish, E .
942 _cBK
999 _c6015
_d6015